000
00340pam a2200157a 44500
008
230515b2009 xxu||||| |||| 00| 0 eng d
020
_a
NULL
041
_a
ENGLISH
082
_a
621.31 SAR
100
_a
SARMA MULUKUTIA
245
_a
ELECTRIC MACHINES
250
_a
1
260
_a
DELHI
_b
NA
_c
2009
300
_a
687
650
_a
NULL
999
_c
640247
_d
640247